[Event "ODJM A 2017"]
[Site "Willingen GER"]
[Date "2017.06.04"]
[Round "1"]
[White "Wenninger, Philipp"]
[Black "Ortmeier, Leonhard"]
[Result "1-0"]
[Termination "normal"]
[Board "1"]
[WhiteElo "2345"]
[BlackElo "1921"]
[WhiteClock "00:34:29"]
[BlackClock "00:02:30"]
[PlyCount "59"]
[WhiteFideId "4648404"]
[BlackFideId "12993662"]
[EventCountry "GER"]
[EventRounds "9"]
[EventType "swiss"]
[EventDate "2017.06.03"]

1. Nf3 Nf6 2. d4 g6 3. c4 Bg7 4. Nc3 c5 5. d5 d6 6. e4 O-O 7. Bd3 e6 8. O-O
exd5 9. exd5 a6 10. h3 Nbd7 11. Bf4 Qc7 12. Qd2 b6 13. Rfe1 Bb7 14. a4 Rab8 15.
Re2 Rfe8 16. Rae1 Rxe2 17. Qxe2 Bf8 18. Qd2 Rd8 19. Bg5 Qb8 20. Qf4 Nh5 21. Qh4
Re8 22. Rxe8 Qxe8 23. g4 Ng7 24. Ne4 f5 25. Nf6+ Nxf6 26. Bxf6 fxg4 27. hxg4
Qd7 28. Ng5 Ne8 29. Bc3 Bc8 30. Bxg6 1-0

[Event "ODJM A 2017"]
[Site "Willingen GER"]
[Date "2017.06.04"]
[Round "1"]
[White "Steffens, Oliver"]
[Black "Parvanyan, Ashot"]
[Result "1/2-1/2"]
[Termination "normal"]
[Board "2"]
[WhiteElo "1948"]
[BlackElo "2326"]
[WhiteClock "00:11:14"]
[BlackClock "00:06:37"]
[PlyCount "45"]
[WhiteFideId "12947148"]
[BlackFideId "13307550"]
[EventCountry "GER"]
[EventRounds "9"]
[EventType "swiss"]
[EventDate "2017.06.03"]

1. e4 g6 2. d4 Bg7 3. Nf3 d6 4. Nc3 a6 5. Be3 b5 6. a3 Bb7 7. Qd2 Nd7 8. Be2
Rc8 9. O-O c5 10. Rfe1 cxd4 11. Bxd4 Ngf6 12. Rad1 O-O 13. e5 dxe5 14. Nxe5 Nb6
15. Qe3 Nbd5 16. Nxd5 Nxd5 17. Qb3 Qc7 18. Bf3 e6 19. Rd2 Rfd8 20. c3 Nf4 21.
Qd1 Nd5 22. Ng4 h5 23. Bxg7 1/2-1/2

[Event "ODJM A 2017"]
[Site "Willingen GER"]
[Date "2017.06.04"]
[Round "1"]
[White "Holtel, Jasper"]
[Black "Wiesner, Alexander"]
[Result "1-0"]
[Termination "normal"]
[Board "3"]
[WhiteTitle "FM"]
[WhiteElo "2297"]
[BlackElo "1917"]
[WhiteClock "00:54:54"]
[BlackClock "00:57:06"]
[PlyCount "31"]
[WhiteFideId "12956376"]
[BlackFideId "12943991"]
[EventCountry "GER"]
[EventRounds "9"]
[EventType "swiss"]
[EventDate "2017.06.03"]

1. e4 e6 2. d4 d5 3. Nd2 Nf6 4. e5 Nfd7 5. Bd3 c5 6. c3 Nc6 7. Ne2 Qb6 8. Nf3
Be7 9. O-O O-O 10. Nf4 Re8 11. Qd2 Nf8 12. Nh5 Bd7 13. Nxg7 Kxg7 14. Qh6+ Kg8
15. Ng5 Bxg5 16. Bxg5 1-0

[Event "ODJM A 2017"]
[Site "Willingen GER"]
[Date "2017.06.04"]
[Round "1"]
[White "Reitz, Philipp"]
[Black "Hecht, Carsten"]
[Result "0-1"]
[Termination "normal"]
[Board "4"]
[WhiteElo "1954"]
[BlackElo "2232"]
[WhiteClock "00:01:07"]
[BlackClock "00:06:49"]
[PlyCount "54"]
[WhiteFideId "12973297"]
[BlackFideId "24693928"]
[EventCountry "GER"]
[EventRounds "9"]
[EventType "swiss"]
[EventDate "2017.06.03"]

1. e4 c5 2. c4 Nc6 3. Nc3 e6 4. g3 g6 5. Nge2 Bg7 6. Bg2 Nge7 7. O-O O-O 8. d3
d6 9. Be3 Nd4 10. Rb1 Rb8 11. b4 Bd7 12. Bxd4 cxd4 13. Nb5 Bxb5 14. cxb5 d5 15.
Qb3 dxe4 16. Bxe4 Qd7 17. a4 Bh6 18. f4 Nf5 19. Bxf5 exf5 20. Rbc1 Rfe8 21.
Rfe1 Re3 22. Qc4 Rbe8 23. Kf2 Qe7 24. Rc2 Bxf4 25. Qxd4 Bd6 26. Rb2 f4 27. Nxf4
Bxf4 0-1

[Event "ODJM A 2017"]
[Site "Willingen GER"]
[Date "2017.06.04"]
[Round "1"]
[White "Reuker, Jari"]
[Black "Hinrichs, Paul"]
[Result "1-0"]
[Termination "normal"]
[Board "5"]
[WhiteElo "2169"]
[BlackElo "1916"]
[WhiteClock "00:44:08"]
[BlackClock "00:42:05"]
[PlyCount "49"]
[WhiteFideId "12909300"]
[BlackFideId "12942545"]
[EventCountry "GER"]
[EventRounds "9"]
[EventType "swiss"]
[EventDate "2017.06.03"]

1. e4 e5 2. Nf3 Nc6 3. Bb5 a6 4. Ba4 Nf6 5. O-O b5 6. Bb3 Be7 7. a4 b4 8. d4
exd4 9. Nxd4 Nxd4 10. Qxd4 c5 11. Qd3 Qc7 12. Nd2 Bb7 13. Re1 d5 14. exd5 Rd8
15. Ne4 Nxd5 16. Qg3 O-O 17. Bxd5 Qxg3 18. Nxg3 Rxd5 19. Rxe7 Rd1+ 20. Nf1 Bc8
21. f3 Bf5 22. Kf2 Rfd8 23. Ne3 Kf8 24. Nxf5 g6 25. Bh6+ 1-0

[Event "ODJM A 2017"]
[Site "Willingen GER"]
[Date "2017.06.04"]
[Round "1"]
[White "Wübker, Paul-Luca"]
[Black "Denisov, Vladislav"]
[Result "0-1"]
[Termination "normal"]
[Board "6"]
[WhiteElo "1806"]
[BlackElo "2172"]
[WhiteClock "00:05:21"]
[BlackClock "00:17:04"]
[PlyCount "70"]
[WhiteFideId "12939528"]
[BlackFideId "4100867"]
[EventCountry "GER"]
[EventRounds "9"]
[EventType "swiss"]
[EventDate "2017.06.03"]

1. d4 Nf6 2. c4 e6 3. Nf3 b6 4. a3 Bb7 5. Nc3 d5 6. cxd5 Nxd5 7. Nxd5 Qxd5 8.
e3 Nd7 9. Be2 Bd6 10. O-O O-O 11. b4 Nf6 12. Bb2 Ne4 13. Ne1 a5 14. b5 a4 15.
f3 Qh5 16. f4 Qh6 17. Nd3 f6 18. Rc1 Qg6 19. Ne1 Kh8 20. Rc4 Qf7 21. Rxa4 Rxa4
22. Qxa4 Ra8 23. Qc2 Bxa3 24. Bf3 f5 25. Nd3 Bxb2 26. Qxb2 Bd5 27. Bxe4 Bxe4
28. Ne5 Qe8 29. Rc1 Bd5 30. Rxc7 Ra2 31. Qc1 Rxg2+ 32. Kf1 Qxb5+ 33. Nc4 h6 34.
Rc8+ Kh7 35. Rd8 Rxh2 0-1

[Event "ODJM A 2017"]
[Site "Willingen GER"]
[Date "2017.06.04"]
[Round "1"]
[White "Ciolek, Andreas"]
[Black "Elier, Ali"]
[Result "1/2-1/2"]
[Termination "normal"]
[Board "7"]
[WhiteElo "2184"]
[BlackElo "1931"]
[WhiteClock "00:12:28"]
[BlackClock "00:47:17"]
[PlyCount "66"]
[WhiteFideId "12906727"]
[BlackFideId "16217543"]
[EventCountry "GER"]
[EventRounds "9"]
[EventType "swiss"]
[EventDate "2017.06.03"]

1. e4 e5 2. Nf3 Nc6 3. d4 exd4 4. Nxd4 Nf6 5. Nxc6 dxc6 6. Qxd8+ Kxd8 7. Bg5
Be7 8. Nd2 Be6 9. O-O-O Nd7 10. Bxe7+ Kxe7 11. Be2 a5 12. b3 Nc5 13. Rhe1 Rhd8
14. f3 f6 15. Nf1 Rxd1+ 16. Rxd1 Rd8 17. Rxd8 Kxd8 18. Kd2 Kd7 19. Ke3 b5 20.
Nd2 a4 21. f4 Kd6 22. Nb1 axb3 23. axb3 Na6 24. Nd2 Nb4 25. Bd1 c5 26. c3 Nc6
27. Be2 b4 28. cxb4 cxb4 29. Bc4 Bxc4 30. Nxc4+ Kc5 31. g4 Nd4 32. Nd2 Nc2+ 33.
Kd3 Ne1+ 1/2-1/2

[Event "ODJM A 2017"]
[Site "Willingen GER"]
[Date "2017.06.04"]
[Round "1"]
[White "Dechant, Georg"]
[Black "Terhuven, Patrick"]
[Result "1/2-1/2"]
[Termination "normal"]
[Board "8"]
[WhiteElo "2031"]
[BlackElo "2171"]
[WhiteClock "00:37:44"]
[BlackClock "00:29:11"]
[PlyCount "47"]
[WhiteFideId "12956716"]
[BlackFideId "12919098"]
[EventCountry "GER"]
[EventRounds "9"]
[EventType "swiss"]
[EventDate "2017.06.03"]

1. e4 c5 2. Nf3 g6 3. d4 cxd4 4. Nxd4 Nc6 5. Nc3 Bg7 6. Be3 Nf6 7. Be2 O-O 8.
O-O d5 9. exd5 Nb4 10. Nb3 Bf5 11. Nd4 Bc8 12. Nb3 Nbxd5 13. Bd4 Nxc3 14. Bxc3
Qc7 15. Bf3 Bd7 16. Qe2 Bc6 17. Bxc6 Qxc6 18. Rad1 e6 19. Rd3 Rad8 20. Rfd1
Rxd3 21. Qxd3 Rc8 22. Nd4 Qe4 23. Nf3 Qxd3 24. Rxd3 1/2-1/2

[Event "ODJM A 2017"]
[Site "Willingen GER"]
[Date "2017.06.04"]
[Round "1"]
[White "Meyer, Henrik"]
[Black "Melde, Benjamin"]
[Result "0-1"]
[Termination "normal"]
[Board "9"]
[WhiteElo "2125"]
[BlackElo "1781"]
[WhiteClock "01:02:46"]
[BlackClock "00:26:02"]
[PlyCount "98"]
[WhiteFideId "12958182"]
[BlackFideId "12958816"]
[EventCountry "GER"]
[EventRounds "9"]
[EventType "swiss"]
[EventDate "2017.06.03"]

1. d4 Nf6 2. Nf3 g6 3. c4 Bg7 4. Nc3 O-O 5. g3 d6 6. Bg2 Nc6 7. d5 Na5 8. Qd3
c5 9. e4 Nd7 10. O-O a6 11. Be3 b5 12. cxb5 axb5 13. Qc2 Ba6 14. h4 Nc4 15. Bf4
Nxb2 16. h5 b4 17. Ne2 Bd3 18. Qd2 Bxe4 19. Bh6 Nc4 20. Qf4 Bxd5 21. Rad1 Ncb6
22. hxg6 fxg6 23. Qh4 Bxf3 24. Bxf3 Rxf3 25. Bxg7 Kxg7 26. Nf4 Rxf4 27. gxf4
Nf6 28. f5 Qd7 29. Rfe1 Ra7 30. Re6 Nbd5 31. Rd3 Qe8 32. fxg6 hxg6 33. Rh3 Nh5
34. Rf3 Ndf6 35. Qg5 Qf7 36. Qe3 Ra3 37. Rxe7 Rxe3 38. Rxf7+ Kxf7 39. Rxe3 Nf4
40. a4 bxa3 41. Rxa3 d5 42. Kf1 Ke6 43. Ke1 Ne4 44. f3 Nd6 45. Kf2 Nf5 46. Ra8
Ke5 47. Ke1 Kd4 48. Kd2 c4 49. Rc8 Nh4 0-1

[Event "ODJM A 2017"]
[Site "Willingen GER"]
[Date "2017.06.04"]
[Round "1"]
[White "von Estorff, Jacob"]
[Black "Sabirov, Ramil"]
[Result "0-1"]
[Termination "normal"]
[Board "10"]
[WhiteElo "1987"]
[BlackElo "2038"]
[WhiteClock "00:07:43"]
[BlackClock "00:07:31"]
[PlyCount "50"]
[WhiteFideId "12974501"]
[BlackFideId "12900303"]
[EventCountry "GER"]
[EventRounds "9"]
[EventType "swiss"]
[EventDate "2017.06.03"]

1. e4 c5 2. Nf3 e6 3. d4 cxd4 4. Nxd4 Nc6 5. Nc3 Qc7 6. Be2 a6 7. O-O Nf6 8.
Nxc6 bxc6 9. Be3 d5 10. exd5 cxd5 11. Qd3 Be7 12. Na4 Rb8 13. c4 Rb4 14. cxd5
Rxa4 15. Rfc1 Qd7 16. d6 Bd8 17. b3 Ra5 18. Bc5 Rxc5 19. Rxc5 Bb7 20. b4 Bb6
21. Rg5 Ne4 22. Rxg7 Nxf2 23. Qc4 Kf8 24. Rxf7+ Qxf7 25. Rf1 Rg8 0-1

[Event "ODJM A 2017"]
[Site "Willingen GER"]
[Date "2017.06.04"]
[Round "1"]
[White "Shopanov, Akzhan"]
[Black "Roth, Jakob"]
[Result "1-0"]
[Termination "normal"]
[Board "11"]
[WhiteElo "2091"]
[BlackElo "1847"]
[WhiteClock "00:53:53"]
[BlackClock "00:39:06"]
[PlyCount "93"]
[WhiteFideId "13713272"]
[BlackFideId "12952605"]
[EventCountry "GER"]
[EventRounds "9"]
[EventType "swiss"]
[EventDate "2017.06.03"]

1. Nf3 Nf6 2. g3 d5 3. Bg2 c5 4. O-O Nc6 5. d4 g6 6. c3 Bg7 7. Ne5 O-O 8. Nxc6
bxc6 9. dxc5 Nd7 10. Be3 Ba6 11. Nd2 e5 12. Nf3 Qe7 13. b4 f5 14. Qd2 f4 15.
gxf4 exf4 16. Bd4 Qxe2 17. Bxg7 Qxd2 18. Nxd2 Kxg7 19. Rfe1 Rae8 20. c4 Rxe1+
21. Rxe1 dxc4 22. Bxc6 c3 23. Bxd7 cxd2 24. Rd1 Bc8 25. Bxc8 Rxc8 26. Rxd2 Rc7
27. Kg2 Kf6 28. Kf3 Ke5 29. Re2+ Kf5 30. h4 Rd7 31. Rc2 Rd3+ 32. Ke2 Rd8 33. c6
Kg4 34. c7 Re8+ 35. Kd3 Rc8 36. Ke4 Kxh4 37. Kxf4 g5+ 38. Ke5 Kg4 39. Kd6 h5
40. Kd7 Rxc7+ 41. Kxc7 h4 42. Kb7 h3 43. Kxa7 Kf3 44. b5 h2 45. Rc1 Kxf2 46. b6
g4 47. b7 1-0

[Event "ODJM A 2017"]
[Site "Willingen GER"]
[Date "2017.06.04"]
[Round "1"]
[White "Schlick, Stefan"]
[Black "Schnabel, Bennett"]
[Result "1/2-1/2"]
[Termination "normal"]
[Board "12"]
[WhiteElo "2012"]
[BlackElo "2137"]
[WhiteClock "00:55:14"]
[BlackClock "00:08:48"]
[PlyCount "55"]
[WhiteFideId "16211332"]
[BlackFideId "12943290"]
[EventCountry "GER"]
[EventRounds "9"]
[EventType "swiss"]
[EventDate "2017.06.03"]

1. d4 d5 2. c4 e6 3. Nc3 c6 4. Nf3 dxc4 5. a4 Bb4 6. e3 b5 7. Bd2 a5 8. axb5
Bxc3 9. Bxc3 cxb5 10. b3 Bb7 11. bxc4 b4 12. Bb2 Nf6 13. Bd3 Nbd7 14. O-O O-O
15. Nd2 Qc7 16. f4 a4 17. Rb1 Bc6 18. e4 a3 19. Ba1 Rfb8 20. e5 Ne8 21. f5 Nf8
22. fxe6 fxe6 23. h4 Qe7 24. Qg4 Ba4 25. Nb3 Ra7 26. h5 h6 27. Qe4 Qg5 28. Rf3
1/2-1/2

[Event "ODJM A 2017"]
[Site "Willingen GER"]
[Date "2017.06.04"]
[Round "1"]
[White "Meulner, Fabian"]
[Black "Wensing, Maximilian"]
[Result "0-1"]
[Termination "normal"]
[Board "13"]
[WhiteElo "1969"]
[BlackElo "1922"]
[PlyCount "76"]
[WhiteFideId "12913936"]
[BlackFideId "16222415"]
[EventCountry "GER"]
[EventRounds "9"]
[EventType "swiss"]
[EventDate "2017.06.03"]

1. c4 Nf6 2. Nf3 g6 3. Nc3 d5 4. Qa4+ Bd7 5. Qb3 dxc4 6. Qxc4 Bg7 7. e4 O-O 8.
e5 Ne8 9. d4 c6 10. Qb3 Qb6 11. Na4 Qxb3 12. axb3 Nc7 13. Nc5 Bc8 14. Bc4 Nd7
15. e6 Nxc5 16. exf7+ Kh8 17. dxc5 Be6 18. Ng5 Bxc4 19. bxc4 h6 20. Ne4 a6 21.
Ra3 Ne6 22. O-O Rad8 23. Rh3 Rd4 24. Bxh6 Bxh6 25. Rxh6+ Kg7 26. Rh4 Rxf7 27.
g3 Rxc4 28. Ng5 Rxh4 29. gxh4 Nxg5 30. hxg5 Rf5 31. f4 Rxc5 32. Rf2 Rb5 33. Kg2
Rb3 34. h4 a5 35. Re2 Kf7 36. f5 gxf5 37. h5 f4 38. Re5 Rb5 0-1

[Event "ODJM A 2017"]
[Site "Willingen GER"]
[Date "2017.06.04"]
[Round "1"]
[White "Irkilmez, Yakub"]
[Black "Weber, Daniel"]
[Result "0-1"]
[Termination "normal"]
[Board "14"]
[WhiteElo "1921"]
[BlackElo "2058"]
[PlyCount "48"]
[WhiteFideId "16204581"]
[BlackFideId "24615498"]
[EventCountry "GER"]
[EventRounds "9"]
[EventType "swiss"]
[EventDate "2017.06.03"]

1. d4 e6 2. Bf4 f5 3. Nf3 Nf6 4. e3 Be7 5. c4 O-O 6. Nc3 b6 7. Bd3 Bb7 8. O-O
Ne4 9. Bxe4 fxe4 10. Nd2 d5 11. f3 exf3 12. Qxf3 c5 13. dxc5 e5 14. Nxd5 exf4
15. exf4 Bxc5+ 16. Kh1 Bxd5 17. cxd5 Nd7 18. Rad1 Nf6 19. Nc4 Qe8 20. Ne5 Qa4
21. a3 Qe4 22. Qb3 Bd6 23. Nc6 Ng4 24. Rf3 Rxf4 0-1

[Event "ODJM A 2017"]
[Site "Willingen GER"]
[Date "2017.06.04"]
[Round "1"]
[White "Diller, Daniel"]
[Black "Brunner, Tobias"]
[Result "1-0"]
[Termination "normal"]
[Board "15"]
[WhiteElo "1976"]
[BlackElo "1841"]
[PlyCount "89"]
[WhiteFideId "12908983"]
[BlackFideId "12949833"]
[EventCountry "GER"]
[EventRounds "9"]
[EventType "swiss"]
[EventDate "2017.06.03"]

1. e4 d5 2. exd5 Qxd5 3. Nc3 Qd6 4. d4 c6 5. Nf3 Nf6 6. Ne5 e6 7. Be2 Be7 8.
O-O Nbd7 9. Nc4 Qc7 10. g3 Nd5 11. Ne4 N7f6 12. Ng5 h6 13. Nf3 b6 14. Nce5 Bd6
15. c4 Ne7 16. Bf4 g5 17. Bd2 Bb7 18. Nd3 Ng6 19. c5 bxc5 20. dxc5 Be7 21. Qa4
Nd5 22. Ba5 Qb8 23. Nd4 Qc8 24. Bh5 O-O 25. Bxg6 fxg6 26. Rfe1 Ba6 27. Ne5 Bb5
28. Qc2 Rf6 29. Ng4 Kg7 30. Nxf6 Bxf6 31. Nxe6+ Kh7 32. a4 Ba6 33. Bc3 Nxc3 34.
bxc3 Bc4 35. Nd4 Bd5 36. f3 Qf8 37. Qd3 Qxc5 38. Rab1 Rd8 39. Rb7+ Kh8 40. Qxg6
Bxd4+ 41. Kf1 Qc4+ 42. Re2 Qxe2+ 43. Kxe2 Bc4+ 44. Kd2 Bg1+ 45. Ke1 1-0

[Event "ODJM A 2017"]
[Site "Willingen GER"]
[Date "2017.06.04"]
[Round "1"]
[White "Thumm, Felix"]
[Black "Hartmann, Jakob"]
[Result "0-1"]
[Termination "normal"]
[Board "16"]
[WhiteElo "1879"]
[BlackElo "2103"]
[PlyCount "94"]
[WhiteFideId "12902209"]
[BlackFideId "12918067"]
[EventCountry "GER"]
[EventRounds "9"]
[EventType "swiss"]
[EventDate "2017.06.03"]

1. d4 d5 2. Nf3 Nf6 3. e3 c5 4. b3 cxd4 5. exd4 Nc6 6. Bb2 Bg4 7. Bd3 e6 8. O-O
Bd6 9. Nbd2 O-O 10. c4 Qc7 11. a3 Bxh2+ 12. Kh1 Bf4 13. Qc2 Bxd2 14. Qxd2 Na5
15. Qc3 Bxf3 16. gxf3 Qf4 17. Kg2 Qg5+ 18. Kh3 Nh5 19. Bc1 Nf4+ 20. Bxf4 Qxf4
21. Bc2 Nc6 22. Rad1 dxc4 23. bxc4 Rad8 24. d5 exd5 25. Rxd5 Rxd5 26. cxd5 Qh6+
27. Kg4 Ne7 28. Qe5 f5+ 29. Kg3 Qg5+ 30. Kh2 Rf6 31. Qg3 Qh6+ 32. Qh3 Qf4+ 33.
Qg3 Rh6+ 34. Kg2 Rg6 35. Bb3 Rxg3+ 36. fxg3 Qd6 37. Re1 Kf8 38. Re6 Qxa3 39. d6
Qxb3 40. Rxe7 Qd5 41. Rd7 Qc6 42. Rd8+ Kf7 43. d7 Qc7 44. Ra8 Qxd7 45. Rxa7 g5
46. Ra2 g4 47. fxg4 Qd5+ 0-1

[Event "ODJM A 2017"]
[Site "Willingen GER"]
[Date "2017.06.04"]
[Round "1"]
[White "Greßmann, Moritz"]
[Black "Erofeev, Anastasia"]
[Result "1/2-1/2"]
[Termination "normal"]
[Board "17"]
[WhiteElo "2100"]
[BlackElo "1970"]
[PlyCount "91"]
[WhiteFideId "24695084"]
[BlackFideId "12917915"]
[EventCountry "GER"]
[EventRounds "9"]
[EventType "swiss"]
[EventDate "2017.06.03"]

1. e4 e5 2. Nf3 Nc6 3. Bc4 Bc5 4. c3 Nf6 5. d3 a6 6. Nbd2 Ba7 7. O-O d6 8. Bb3
O-O 9. Re1 Nh5 10. Nf1 Qf6 11. Bg5 Qg6 12. Qd2 h6 13. Be3 Bxe3 14. fxe3 Bg4 15.
Qf2 Bxf3 16. Qxf3 Kh8 17. Bd1 Nf6 18. Ng3 Rae8 19. Rf1 Ne7 20. Bb3 c6 21. d4
Qg5 22. Rae1 d5 23. exd5 Nexd5 24. e4 Nb6 25. Nf5 Nc8 26. Re3 Qh5 27. Qg3 Qg6
28. dxe5 Qxg3 29. hxg3 Rxe5 30. Nxh6 Nd6 31. Rd3 Nfxe4 32. Nxf7+ Nxf7 33. Rxf7
Rxf7 34. Bxf7 Kh7 35. Re3 Kh6 36. Bb3 Re8 37. Bc2 Nf6 38. Rxe8 Nxe8 39. Kf2 Kg5
40. Kf3 Nd6 41. Bd1 Kf5 42. Be2 g5 43. Bd3+ Ke5 44. Kg4 Kf6 45. b3 Nf7 46. Be4
1/2-1/2

[Event "ODJM A 2017"]
[Site "Willingen GER"]
[Date "2017.06.04"]
[Round "1"]
[White "Engel, Robert"]
[Black "Wanner, Lukas"]
[Result "1-0"]
[Termination "normal"]
[Board "18"]
[WhiteElo "1887"]
[BlackElo "2002"]
[PlyCount "89"]
[WhiteFideId "12974684"]
[BlackFideId "12918148"]
[EventCountry "GER"]
[EventRounds "9"]
[EventType "swiss"]
[EventDate "2017.06.03"]

1. e4 c5 2. Nf3 g6 3. d4 cxd4 4. Nxd4 Bg7 5. c4 Nc6 6. Be3 Nf6 7. Nc3 O-O 8.
Be2 d6 9. f3 Bd7 10. O-O Nxd4 11. Bxd4 Bc6 12. Qd2 a5 13. b3 Nd7 14. Rfd1 Bxd4+
15. Qxd4 Qb6 16. Qxb6 Nxb6 17. Rac1 Rfc8 18. Nd5 Bxd5 19. cxd5 Rxc1 20. Rxc1
Rc8 21. Rxc8+ Nxc8 22. Kf2 e5 23. dxe6 fxe6 24. Ke3 Kf7 25. Kd4 Ke7 26. Kc4 Na7
27. a4 g5 28. g3 e5 29. b4 axb4 30. Kxb4 Nc6+ 31. Kc4 Nd4 32. Bd1 Kd7 33. f4
gxf4 34. gxf4 Nc6 35. f5 Ne7 36. f6 Ng6 37. Bg4+ Kc6 38. f7 b6 39. h4 h6 40. h5
Nf8 41. Bf5 Kb7 42. Kd5 Kc7 43. Bg4 Nh7 44. Bh3 Nf8 45. Bf5 1-0

[Event "ODJM A 2017"]
[Site "Willingen GER"]
[Date "2017.06.04"]
[Round "1"]
[White "Dette, Jan"]
[Black "Fuhrmann, Åke"]
[Result "1/2-1/2"]
[Termination "normal"]
[Board "19"]
[WhiteElo "2032"]
[BlackElo "1793"]
[PlyCount "72"]
[WhiteFideId "12936677"]
[BlackFideId "12983853"]
[EventCountry "GER"]
[EventRounds "9"]
[EventType "swiss"]
[EventDate "2017.06.03"]

1. f4 Nf6 2. Nf3 g6 3. g3 Bg7 4. Bg2 O-O 5. O-O d6 6. d3 c5 7. e4 Nc6 8. h3 e5
9. Nc3 Nd4 10. Nxd4 cxd4 11. Ne2 Bd7 12. g4 h6 13. f5 g5 14. h4 Nh7 15. hxg5
Nxg5 16. Ng3 Rc8 17. Nh5 f6 18. c4 dxc3 19. Qb3+ Rf7 20. bxc3 Qa5 21. Bb2 Ba4
22. Qa3 Bf8 23. Qb4 Qxb4 24. cxb4 Rc2 25. Rf2 Rfc7 26. Re1 Kf7 27. a3 Bb5 28.
Re3 Rxf2 29. Kxf2 Rc2+ 30. Re2 Bxd3 31. Rxc2 Bxc2 32. Ng3 Ke8 33. Ke2 Ba4 34.
Kd2 Bb5 35. Kc3 a6 36. Bc1 Kd7 1/2-1/2

[Event "ODJM A 2017"]
[Site "Willingen GER"]
[Date "2017.06.04"]
[Round "1"]
[White "Gorainow, Nikita"]
[Black "Orshonova, Elena"]
[Result "1-0"]
[Termination "normal"]
[Board "20"]
[BlackTitle "WFM"]
[WhiteElo "1812"]
[BlackElo "2019"]
[PlyCount "97"]
[WhiteFideId "12970093"]
[BlackFideId "24174750"]
[EventCountry "GER"]
[EventRounds "9"]
[EventType "swiss"]
[EventDate "2017.06.03"]

1. e4 c5 2. Nf3 d6 3. d4 cxd4 4. Nxd4 Nf6 5. Nc3 a6 6. Bg5 e6 7. f4 Be7 8. Qf3
Qc7 9. O-O-O Nbd7 10. Qg3 b5 11. Bxf6 Bxf6 12. Bxb5 axb5 13. Ndxb5 Qb8 14.
Nxd6+ Kf8 15. e5 Be7 16. f5 exf5 17. Nxf5 Qxe5 18. Qxe5 Nxe5 19. Nxe7 Kxe7 20.
Nd5+ Kf8 21. Nb6 Rxa2 22. Kb1 Be6 23. Rd8+ Ke7 24. Rxh8 Ra6 25. Nc8+ Kf6 26.
Rd1 Nc4 27. b3 Ne3 28. Rd6 Ra8 29. Rhd8 Nf5 30. Nb6 Ra5 31. Rd2 Ne7 32. c4 Nc6
33. R8d6 Ne5 34. b4 Ra7 35. Ra2 Rb7 36. Ra4 Ke7 37. c5 Bf5+ 38. Kb2 f6 39. Kc3
Be4 40. Ra2 Kf7 41. b5 Bf5 42. Ra6 Ng4 43. c6 Re7 44. Nd5 Re1 45. b6 Rc1+ 46.
Kd2 Rb1 47. Ra7+ Kg6 48. Ne7+ Kg5 49. Nxf5 1-0

[Event "ODJM A 2017"]
[Site "Willingen GER"]
[Date "2017.06.04"]
[Round "1"]
[White "Rieper, Julian"]
[Black "Nasoyan, Maksim"]
[Result "1-0"]
[Termination "normal"]
[Board "21"]
[WhiteElo "2064"]
[BlackElo "1917"]
[PlyCount "99"]
[WhiteFideId "12936960"]
[BlackFideId "16220331"]
[EventCountry "GER"]
[EventRounds "9"]
[EventType "swiss"]
[EventDate "2017.06.03"]

1. e4 c5 2. Nf3 Nc6 3. d4 cxd4 4. Nxd4 Nf6 5. Nc3 e5 6. Ndb5 d6 7. Bg5 a6 8.
Na3 b5 9. Bxf6 gxf6 10. Nd5 Be6 11. Bd3 f5 12. c3 Bg7 13. Nxb5 axb5 14. Bxb5
Rc8 15. Nb4 Qb6 16. Qa4 Bd7 17. exf5 O-O 18. Nd5 Qd8 19. O-O Kh8 20. Rfd1 Rg8
21. Qe4 Qg5 22. h4 Qh5 23. Bd3 Rb8 24. b4 Nd8 25. a4 Bc6 26. Be2 Qh6 27. b5 Ba8
28. a5 Nb7 29. h5 Nc5 30. Qe3 Qxe3 31. Nxe3 Ne4 32. Ra3 Bh6 33. c4 Nc5 34. Nd5
Bg5 35. f6 Ne6 36. Ne7 Rgd8 37. Nc6 Bxc6 38. bxc6 Rbc8 39. a6 Nd4 40. Bg4 Ra8
41. c7 Bxf6 42. a7 Nc6 43. cxd8=Q+ Bxd8 44. Rb1 Kg7 45. Bf3 Rxa7 46. Rxa7 Nxa7
47. Rb7 Nc8 48. Rb8 Nb6 49. Rxd8 Nxc4 50. Bd5 1-0

[Event "ODJM A 2017"]
[Site "Willingen GER"]
[Date "2017.06.04"]
[Round "1"]
[White "Garbuz, Vitaliy"]
[Black "Stemmler, Fabian"]
[Result "1/2-1/2"]
[Termination "normal"]
[Board "22"]
[WhiteElo "1841"]
[BlackElo "1982"]
[PlyCount "37"]
[WhiteFideId "12990710"]
[BlackFideId "12964808"]
[EventCountry "GER"]
[EventRounds "9"]
[EventType "swiss"]
[EventDate "2017.06.03"]

1. e4 e6 2. d4 d5 3. Nd2 dxe4 4. Nxe4 Nd7 5. Nf3 Ngf6 6. Nxf6+ Nxf6 7. Bd3 c5
8. O-O Qc7 9. Qe2 Bd6 10. dxc5 Bxc5 11. Bg5 O-O 12. Bxf6 gxf6 13. Bxh7+ Kxh7
14. Qe4+ Kg7 15. Qg4+ Kh7 16. Qh5+ Kg7 17. Qg4+ Kh7 18. Qh5+ Kg7 19. Qg4+
1/2-1/2

[Event "ODJM A 2017"]
[Site "Willingen GER"]
[Date "2017.06.04"]
[Round "1"]
[White "Schimnatkowski, Lukas"]
[Black "Hofmann, Marko"]
[Result "1/2-1/2"]
[Termination "normal"]
[Board "23"]
[WhiteElo "2021"]
[BlackElo "1837"]
[PlyCount "75"]
[WhiteFideId "12936723"]
[BlackFideId "12935875"]
[EventCountry "GER"]
[EventRounds "9"]
[EventType "swiss"]
[EventDate "2017.06.03"]

1. e4 b6 2. Nf3 Bb7 3. d3 g6 4. g3 Bg7 5. Bg2 e5 6. O-O Nc6 7. Na3 Qe7 8. c3
Nf6 9. Re1 O-O 10. Nc4 d6 11. a4 a5 12. Bd2 Ba6 13. b3 h6 14. Qc2 Bxc4 15. bxc4
Nd7 16. Be3 Rac8 17. Nd2 Nd8 18. d4 Ne6 19. Nb3 exd4 20. cxd4 c5 21. Rad1 cxd4
22. Nxd4 Ne5 23. Nb5 Rxc4 24. Qa2 Rc6 25. f4 Ng4 26. e5 Nxe3 27. Rxe3 dxe5 28.
Bxc6 Qc5 29. Qf2 Qxc6 30. fxe5 Ng5 31. g4 Bxe5 32. h4 Qc4 33. Qe2 Nh3+ 34. Kf1
Qf4+ 35. Qf3 Qc4+ 36. Qe2 Qf4+ 37. Qf3 Qc4+ 38. Qe2 1/2-1/2

[Event "ODJM A 2017"]
[Site "Willingen GER"]
[Date "2017.06.04"]
[Round "1"]
[White "Lüßmann, Thomas"]
[Black "Doll, Alexander"]
[Result "1-0"]
[Termination "normal"]
[Board "25"]
[WhiteElo "1952"]
[BlackElo "1784"]
[PlyCount "107"]
[WhiteFideId "1270602"]
[BlackFideId "16228294"]
[EventCountry "GER"]
[EventRounds "9"]
[EventType "swiss"]
[EventDate "2017.06.03"]

1. d4 d5 2. Bf4 e6 3. e3 c5 4. c3 Nf6 5. Nd2 Nc6 6. Ngf3 a6 7. Bd3 Bd7 8. Ne5
cxd4 9. exd4 Be7 10. O-O Rc8 11. h3 h6 12. Bh2 Bd6 13. Kh1 Qc7 14. f4 b5 15. a3
Na5 16. Qf3 Nc4 17. Ndxc4 bxc4 18. Bc2 Rb8 19. Rab1 O-O 20. g4 Bxe5 21. fxe5
Ne4 22. Qe2 Rb6 23. Bf4 Rfb8 24. Bxe4 dxe4 25. g5 Qd8 26. Rg1 g6 27. gxh6 Qh4
28. Qg4 Qxg4 29. Rxg4 Kh7 30. Rf1 Bc6 31. Be3 R8b7 32. Rgf4 Be8 33. Bc1 Rxb2
34. Bxb2 Rxb2 35. Kg1 Kxh6 36. Rxe4 Rb3 37. Re3 Rxa3 38. Rb1 Kg5 39. Kf2 Bb5
40. Rf3 Rb3 41. Rg1+ Kh6 42. Rxf7 Rxc3 43. Rf6 Rxh3 44. Rfxg6+ Kh7 45. Rxe6 Rd3
46. Reg6 Rxd4 47. R6g4 Rd2+ 48. Ke3 Rh2 49. Kd4 Rh5 50. e6 c3 51. Kxc3 a5 52.
e7 Rh2 53. Rg7+ Kh6 54. Rg8 1-0